Paroles Scellé - Freeze Corleone, Ashe 22 - Statistiques

Statistiques générales
  • Ce quiz a été pris 5 fois
  • Le résultat moyen est 22 sur 304
Statistiques - réponses
Indice Réponse % Correct
a
75%
à
75%
667
50%
j'en
50%
le
50%
ma
50%
pas
50%
s/o
50%
S/o
50%
Ashe
25%
ce
25%
c'est
25%
C'est
25%
depuis
25%
j'ai
25%
la
25%
pétasse
25%
quand
25%
vie
25%
activer
0%
affolées
0%
ai
0%
allé
0%
appelle-moi
0%
Approche
0%
arrêter
0%
arrive
0%
attendant
0%
aucune
0%
au-dessus
0%
Automatique
0%
aux
0%
avant
0%
avec
0%
Azur
0%
Ballas
0%
Baumettes
0%
beaucoup
0%
bientôt
0%
bolide
0%
bouteille
0%
boutique
0%
Bushi
0%
calme
0%
chauffer
0%
chez
0%
cible
0%
claquettes
0%
coffres
0%
comme
0%
concu
0%
connais
0%
connaître
0%
Corleone
0%
Dallas
0%
dans
0%
d'dope
0%
délire
0%
des
0%
dès
0%
devant
0%
domaine
0%
domaines
0%
Dragon
0%
drogue
0%
Elles
0%
en
0%
En
0%
est
0%
et
0%
Et
0%
éthique
0%
fait
0%
famille
0%
fêlé
0%
fenêtre
0%
filtre
0%
flex
0%
folie
0%
Freezer
0%
fréro
0%
Gallas
0%
Gelati
0%
GG4
0%
glace
0%
Glock
0%
Couplet 2 (Freeze Corleone) Graille
0%
gratte
0%
Gros
0%
Gucci
0%
Intro Ha
0%
ha
0%
ici
0%
Igo
0%
il
0%
Il
0%
impolis
0%
jamais
0%
j'brûle
0%
j'décoche
0%
j'décoffre
0%
J'fume
0%
j"mélange
0%
j'performe
0%
J'performe
0%
j'peux
0%
j'remplis
0%
Couplet 1 (Ashe 22, Freeze Corleone) J'suis
0%
j'suis
0%
j'touche
0%
jungle
0%
j'veux
0%
l'air
0%
langue
0%
les
0%
Les
0%
L'feat
0%
l'gratin
0%
libre
0%
l'latin
0%
l'lin
0%
l'matin
0%
lous'
0%
Lyonzon
0%
mafia
0%
mais
0%
maternelle
0%
mène
0%
mes
0%
mis
0%
mourir
0%
Napoli
0%
nous
0%
on
0%
ou
0%
ouais
0%
ouvert
0%
par
0%
passent
0%
pathétique
0%
paumette
0%
petits
0%
phéner'
0%
plug
0%
police
0%
porcs
0%
poucave
0%
pour
0%
p'tits
0%
pull-up
0%
que
0%
qu'il
0%
Quoi
0%
qu'on
0%
qu't'as
0%
qu'y
0%
rats
0%
Red
0%
remède
0%
renaître
0%
réussi
0%
roue
0%
sa
0%
Saturne
0%
savoir
0%
scellé
0%
shark
0%
si
0%
signé
0%
sizzurp
0%
solides
0%
sont
0%
sous
0%
sûr
0%
sushis
0%
synthétique
0%
ta
0%
Takeoff
0%
Tamsir
0%
teh
0%
Tellement
0%
t'étais
0%
ton
0%
toujours
0%
tous
0%
trap
0%
très
0%
triple
0%
tu
0%
Tu
0%
une
0%
va
0%
Végétal
0%
vénère
0%
verre
0%
Versace
0%
veux
0%
viens
0%
violet
0%
viseur
0%
voir
0%
wow
0%
Y'a
0%
Zushi
0%
Aucun quiz correspondant
Distribution des résultats
% des personnes avec chaque résultat
Percentile par nombre de réponses
Votre historique - résultats
Vous n’avez pas pris ce quiz